Arqueología de cazadores - recolectores del curso inferior del río colorado : provincia de buenos aires, argentina :
Guardado en:
| Autor Principal: | |
|---|---|
| Otros Autores: | , , , , , , , , |
| Formato: | Libro |
| Publicado: |
Tandil :
Universidad Nacional del Centro de la Provincia de Buenos Aires. Facultad Ciencias Sociales,
2017
|
| Series: | Incuapa / Gustavo Politis y José L. Prado
|
| Materias: | |
| Etiquetas: |
Agregar Etiqueta
Sin Etiquetas, Sea el primero en etiquetar este registro!
|
| LEADER | 02089nam a22003615a 4500 | ||
|---|---|---|---|
| 001 | CEM.cems014803 | ||
| 005 | 20170830162329.0 | ||
| 008 | 130507s2017##################000#0#####d | ||
| 003 | CEMS | ||
| 020 | |a 9789506584160 | ||
| 082 | 0 | 4 | |a 572.982 |
| 100 | 1 | |a Alcaráz, Ana Paula | |
| 245 | 1 | 0 | |a Arqueología de cazadores - recolectores del curso inferior del río colorado : |b provincia de buenos aires, argentina : |c Ana Paula Alcaráz ... y Otros ; editado Por Gustavo Martínez |
| 260 | |a Tandil : |b Universidad Nacional del Centro de la Provincia de Buenos Aires. Facultad Ciencias Sociales, |c 2017 | ||
| 300 | |a 392 p. | ||
| 490 | 0 | |a Incuapa / Gustavo Politis y José L. Prado | |
| 505 | 0 | |a Sintesis de los sitios y localidades arqueológicas: Resumen del modelo propuesto para el área de estudio / Gustavo Martínez -- Ambiente y geoarquelogía / Gustavo A. Martínez y Gustavo Martínez -- Los conjuntos faunísticos: Subsistema y tafonomía / Luciana Stoessel y Ana Paula Alcaráz -- La tecnología lítica / Florencia Santos Valero y Gabriela Armentano -- Bioarqueología : Sexo, edad, salud y patrones de mortalidad / Gustavo Flensborg y Pablo Bayala -- Prácticas funerarias : Modalidades de inhumación y manejo de los cuerpos / Gustavo Flensborg, Gustavo Martínez y Pablo Bayala -- La Tecnología cerámica / Erika Borges Vaz -- El arte mobiliar / Natalia Carden y Erika Borges Vaz -- Análisis tecnomorfobiológico de adornos, cuentas y otros ornamentos / Gustavo Flensborg -- Discusión / Gustavo Martínez -- Conclusiones / Gustavo Martínez | |
| 653 | |a Arqueología | ||
| 653 | |a Antropología | ||
| 653 | |a Paleontología | ||
| 653 | |a Historia | ||
| 653 | |a Patagonia | ||
| 653 | |a Pampas | ||
| 700 | 1 | |a Armentano, Gabriela | |
| 700 | 1 | |a Bayala, Pablo | |
| 700 | 1 | |a Borges Vaz, Erika | |
| 700 | 1 | |a Carden, Natalia | |
| 700 | 1 | |a Flensborg, Gustavo | |
| 700 | 1 | |a Martínez, Gustavo Adolfo | |
| 700 | 1 | |a Martínez, Gustavo | |
| 700 | 1 | |a Santos Valero, Florencia | |
| 700 | 1 | |a Stoessel, Luciana | |
| 859 | |a CEMS |b BIB. CEMS - 11 de abril |h 572.982 |i Al16 |p 27387.17 |t Ej.1 | ||
